All Battles of the 5th Coalition - Statistics

General Stats
  • This quiz has been taken 2 times
  • The average score is 12 of 34
Answer Stats
Year Battle % Correct
1809 Battle of Abensberg
100%
1809 Battle of Aspern-Essling
100%
1809 Battle of Eckmühl
100%
1809 Battle of Raab
100%
1809 Battle of Ratisbon
100%
1809 Battle of Teugen-Hausen
100%
1809 Battle of Wagram
100%
1809 Battle of Znaim
100%
1809 Battle of Caldiero
50%
1809 Battle of Ebelsberg
50%
1809 Battle of Landshut
50%
1809 Battle of Piave River
50%
1809 Battle of Raszyn
50%
1809 Battle of Tarvis
50%
1809 Battle of Wörgl
50%
1809 Combat of Schöngrabern
50%
1809 Battle of Gefrees
0%
1809 Battle of Graz
0%
1809 Battle of Halberstadt
0%
1809 Battle of Hollabrunn
0%
1809 Battle of Linz-Urfahr
0%
1809 Battle of Neumarkt-Sankt Veit
0%
1809 Battle of Ölper
0%
1809 Battle of Radzymin
0%
1809 Battle of Sacile
0%
1809 Battle of Sankt Michael
0%
1809 Battle of Schwarze Lackenau
0%
1809 Battle of the Basque Roads
0%
1809 Battles of Bergisel
0%
1809 Capture of Vienna
0%
1809 Combat of Korneuburg
0%
1809 Combat of Stockerau
0%
1809 Gottscheer Rebellion
0%
1809 Walcheren Campaign
0%
No matching quizzes found
Score Distribution
Percent of People with Each Score
Percentile by Number Answered
Your Score History
You have not taken this quiz